The new economy of nature : (Registro nro. 7477)

Detalles MARC
000 -CABECERA
Campo de control 00556nam a22001937a 4500
005 - FECHA Y HORA DE LA ULTIMA TRANSACCION
Campo de control 20200104041618.0
008 - ELEMENTOS DE LONGITUD FIJA—INFORMACION GENERAL
Campo de control 130729b wau||||| |||| 00| 0 spa d
020 ## - ISBN
ISBN 1559639458
041 ## - IDIOMA
Código de idioma para texto/pista de sonido o título separado Inglés
044 ## - PAÍS DE PUBLICACIÓN
País de publicación Estados Unidos
082 ## - NUMERO DE CLASIFICACION DECIMAL DEWEY
Número de clasificación 577
Número del ítem D133n
100 ## - ASIENTO PRINCIPAL--NOMBRE PERSONAL
Nombre personal Daily, Gretchen C.
245 ## - MENCION DE TITULO
Título The new economy of nature :
Parte restante del título the quest to make conservation profitable /
260 ## - PUBLICACION, DISTRIBUCION, ETC. (PIE DE IMPRENTA)
Lugar de publicación, distribución, etc. Washington
Nombre del editor, distribuidor, etc. Island Press
-- Shearwater Books
Fecha de publicación, distribución, etc. 2002
300 ## - DESCRIPCION FISICA
Extensión 260 p.
Dimensiones 23 cm.
650 ## - ASIENTO SECUNDARIO DE MATERIA - TERMINO TEMATICO
Término temático o nombre geográfico como elemento de entrada Ecology
700 ## - ASIENTO SECUNDARIO - NOMBRE PERSONAL
Nombre personal Ellison, Katherine
942 ## - ELEMENTOS ADICIONALES (KOHA)
Sistema de clasificación Dewey Decimal Classification
Tipo de ítem Impreso
Existencias
Withdrawn status Lost status Sistema de Clasificación Damaged status No para préstamo Colección Inventariado Ubicación Permanente Ubicación actual Fecha de adquisición Fuente de Valor Valor Total Checkouts Número topográfico Inventario / Código de Barras Date last seen Ejemplar Price effective from Tipo de material
    Dewey Decimal Classification     General Inventariado 2017 Bogotá Bogotá 29/07/2013 Instituto 39000.00   LB 577 D133n 028731 29/07/2013 Ej. 1 29/07/2013 Libro